Josiah White, prince of pioneers /

Bibliographic Details
Main Author: Morton, Leah, 1889-1954
Format: Book
Language:English
Published: New York : Stephen Daye Press, [1946]
Subjects:

MARC

Tag First Indicator Second Indicator Subfields
LEADER 00000cam a2200000 4500
001 in00000300511
005 20160115090829.0
008 760521s1946 nyu b 00000beng d
010 |a  47002085  
035 |a (OCoLC)02185855 
035 |9 ABG6436AM 
040 |a DLC  |c XFM  |d TXA  |d UtOrBLW 
049 |a TXAM  |c [1372716] 
050 0 |a CT275.W537  |b S8 
100 1 |a Morton, Leah,  |d 1889-1954. 
245 1 0 |a Josiah White, prince of pioneers /  |c by Eleanor Morton [pseudonym]. 
264 1 |a New York :  |b Stephen Daye Press,  |c [1946] 
264 4 |c [©1946] 
300 |a 300 pages 
336 |a text  |b txt  |2 rdacontent 
337 |a unmediated  |b n  |2 rdamedia 
338 |a volume  |b nc  |2 rdacarrier 
504 |a Bibliography: pages 291-293. 
600 1 0 |a White, Josiah,  |d 1781-1850. 
999 |a MARS 
999 f f |s 97072782-d078-3309-9bf3-1a17f0f91fb5  |i a0d947c8-4c84-33f8-86d5-13b9bc6fcb53  |t 0 
952 f f |p ric  |a Texas A&M University  |b Rellis Campus  |c Joint Library Facility  |d Remote Storage  |t 0  |e CT275.W537 S8  |h Library of Congress classification  |i unmediated -- volume  |m A14801859661 
998 f f |a CT275.W537 S8  |t 0  |l Remote Storage